000 00490cam a22001932 4500
001 0000002665
005 20151217155816.0
008 070418s xx 000 0 eng d
020 _cKES 135
040 _aKABU
_cKABU
050 0 _aPL8375.9
_b.O36M53
100 1 _aOgot, Grace.
_@0000152124
245 1 0 _aMiaha.
260 _aNairobi :
_bHeinemann Educ.,
_c1983.
300 _a142 p.
908 _a070418
950 _@1
999 _c12722
_d12722